000 00875nas a2200277 i 4500
001 2803
003 ES-MaACL
005 20250814224219.0
007 t|
008 001212c1992 gw f| | 0 ||pa d
022 _a0942-2218
080 _a(430)
080 _a3
245 0 0 _aDiálogo científico
_b: revista semestral de investigaciones alemanas sobre sociedad, derecho y economía.
260 _aTübingen :
_bInstituto de Colaboración Científica,
_c1992-
300 _a4 v. ;
_c23 cm.
310 _aSemestral
362 0 _aV. 1, nº 1 (1992)-
650 1 7 _aCiencias sociales
_2embne
_910988
655 7 _2tgfbne
_9226866
_aRevistas
852 _aES-MaACL
_jHem-1953
856 _uhttps://dialnet.unirioja.es/servlet/revista?codigo=11359
_ySumarios de la revista en Dialnet
866 0 _o1992-2000.
942 _2udc
999 _c2803
_d2803